| 000 | 01348nam a2200337Ia 4500 | ||
|---|---|---|---|
| 001 | Z_6107 | ||
| 003 | CHAP | ||
| 008 | 220113s1997 xx 000 0 und d | ||
| 010 | _a169338 | ||
| 020 | _a968-884-487-X | ||
| 040 | _cCHAP | ||
| 082 | _a630.63 C62 | ||
| 111 |
_aCongreso Nacional Agropecuario y Forestal : por un Desarrollo Rural Sustentable (2 : Agosto 1997: Texcoco, México) _9143943 |
||
| 245 |
_aMemoria / _ceditores Joél Pérez Nieto, Víctor Manuel Mendoza Castillo y Ernesto Ladrón de Guevara Alafita |
||
| 260 |
_aMéxico : _bUniversidad Autónoma Chapingo; Congreso Agrario Permanente, _c1997 |
||
| 300 | _a2 v. | ||
| 503 | _aej.1 v.1 - ej.1 v.2 | ||
| 504 | _aIncluye bibliografía | ||
| 505 | _av. 1: Programa general y resúmenes; v. 2: Los factores socioeconómicos | ||
| 650 |
_aAgricultura sustentable _xMéxico _9143944 |
||
| 650 |
_aAgricultura _xCongresos _91373 |
||
| 650 |
_aDesarrollo sustentable _xMéxico _932090 |
||
| 700 |
_aI. Pérez Nieto, Joél, ed. II. Mendoza Castillo, Víctor Manuel, ed. III. Ladrón de Guevara Alafita, Ernesto, ed. _9143945 |
||
| 711 |
_aIV.Congreso Nacional Agropecuario y Forestal : por un Desarrollo Rural Sustentable (2 : 1997: Texcoco, México) _9143946 |
||
| 901 | _a630.63 C62 | ||
| 902 | _aM | ||
| 910 | _a1997 | ||
| 942 | _c1 | ||
| 942 | _cc1 | ||
| 999 |
_c169338 _d169338 |
||